[Event "Titled Tuesday intern op 30th Mar"]
[Site "Chess.com INT"]
[Date "2021.03.30"]
[Round "7"]
[White "Okike, David"]
[Black "Vajda, Levente"]
[Result "0-1"]
[WhiteElo "2177"]
[BlackElo "2534"]
[PlyCount "70"]
[EventDate "2021.03.30"]
[EventType "swiss (blitz)"]
[EventRounds "11"]
[EventCountry "USA"]
[SourceTitle "CBM 201 Extra"]
[Source "ChessBase"]
[SourceDate "2021.05.31"]
[SourceVersion "1"]
[SourceVersionDate "2021.05.31"]
[SourceQuality "1"]

1. e4 c5 2. Nf3 d6 3. d4 cxd4 4. Nxd4 Nf6 5. Nc3 a6 6. Bg5 e6 7. f4 Be7 8. Qf3 Qc7 9. 0-0-0 Nc6 10. Nxc6 Qxc6 11. Bd3 Bd7 12. h3 Rc8 13. g4 Qb6 14. Ne2 Qa5 15. Kb1 Rc5 16. e5 Bc6 17. Qf1 dxe5 18. fxe5 Rxe5 19. Bf4 Rd5 20. Rg1 Rd8 21. g5 Nd5 22. Bd2 Bb4 23. Bc1 Qb6 24. c4 Ne3 25. Qf2 Bc5 26. Qf4 Nxd1 27. Rxd1 Bd6 28. Qh4 Be5 29. Kc2 Qa5 30. Kb1 g6 31. Qh6 Rxd3 32. Rxd3 Be4 33. Kc2 Qd8 34. Nf4 Bxf4 35. Bxf4 Qxd3+ 0-1

[Event "Titled Tuesday intern op 30th Mar"]
[Site "Chess.com INT"]
[Date "2021.03.30"]
[Round "4"]
[White "Pesotskiy, Mikhail"]
[Black "Vajda, Levente"]
[Result "0-1"]
[WhiteElo "2211"]
[BlackElo "2534"]
[PlyCount "166"]
[EventDate "2021.03.30"]
[EventType "swiss (blitz)"]
[EventRounds "11"]
[EventCountry "USA"]
[SourceTitle "CBM 201 Extra"]
[Source "ChessBase"]
[SourceDate "2021.05.31"]
[SourceVersion "1"]
[SourceVersionDate "2021.05.31"]
[SourceQuality "1"]

1. c4 Nf6 2. d4 c5 3. d5 b5 4. cxb5 a6 5. bxa6 Bxa6 6. Nc3 g6 7. Nf3 d6 8. e4 Bxf1 9. Kxf1 Bg7 10. g3 Nbd7 11. Kg2 Qa5 12. a4 Rb8 13. Qc2 0-0 14. Ra2 Qb4 15. Bd2 Rfc8 16. Re1 Qb3 17. Qxb3 Rxb3 18. a5 Ne8 19. Bg5 Kf8 20. a6 Nc7 21. a7 Ra8 22. Nd2 Rb7 23. Rea1 Nb6 24. Ra5 Nc8 25. Nc4 Rbxa7 26. Bd2 Rxa5 27. Rxa5 Rxa5 28. Nxa5 Nb6 29. b3 f5 30. f3 Kf7 31. Nc4 Nd7 32. Kf2 Bd4+ 33. Ke2 Nf6 34. Kd3 Na6 35. Ne2 Ba1 36. Ba5 fxe4+ 37. fxe4 Ng4 38. h4 Nb8 39. Bd2 Nd7 40. Bf4 Ndf6 41. Bg5 Nh5 42. Bf4 Nxf4+ 43. Nxf4 Bd4 44. Nd2 Bf2 45. Ne2 Ne5+ 46. Kc2 Be1 47. Nf1 h6 48. Kd1 Bb4 49. Kc2 g5 50. hxg5 hxg5 51. Ne3 Nf3 52. Nf5 Kf6 53. Kd3 Ne5+ 54. Ke3 Ng4+ 55. Kd3 Be1 56. Ne3 Ne5+ 57. Kc2 Bf2 58. Nf5 Ng4 59. Kd3 Ne5+ 60. Kc2 g4 61. Kd2 Nf3+ 62. Kd3 Be1 63. Nf4 Ba5 64. Nh5+ Kg5 65. Nxe7 Kxh5 66. Nc6 Bc7 67. Ne7 Kg5 68. Ke2 Kf6 69. Nc6 Nd4+ 70. Kd3 Nxc6 71. Kc4 Ke5 72. dxc6 Kxe4 73. Kb5 d5 74. Ka6 Ke5 75. Kb7 Kd6 76. b4 d4 77. Kc8 cxb4 78. Kb7 d3 79. Kc8 d2 80. Kb7 d1Q 81. Kc8 Qd5 82. Kb7 Qxc6+ 83. Kc8 Qa8# 0-1

[Event "Titled Tuesday intern op 09th Mar"]
[Site "Chess.com INT"]
[Date "2021.03.09"]
[Round "6"]
[White "Baklan, Vladimir"]
[Black "Vajda, Levente"]
[Result "1-0"]
[WhiteElo "2587"]
[BlackElo "2534"]
[PlyCount "41"]
[EventDate "2021.03.09"]
[EventType "swiss (blitz)"]
[EventRounds "11"]
[EventCountry "USA"]
[SourceTitle "CBM 201 Extra"]
[Source "ChessBase"]
[SourceDate "2021.05.31"]
[SourceVersion "1"]
[SourceVersionDate "2021.05.31"]
[SourceQuality "1"]

1. e4 d6 2. d4 Nf6 3. Nc3 g6 4. f4 Bg7 5. Bd3 0-0 6. e5 dxe5 7. dxe5 Nd5 8. Nxd5 Qxd5 9. Qe2 Nc6 10. Nf3 Bg4 11. Be4 Qc5 12. c3 e6 13. Be3 Qe7 14. 0-0-0 Rfd8 15. h3 Bf5 16. Bxc6 bxc6 17. Bf2 Rd5 18. g4 Ra5 19. gxf5 exf5 20. Qc4 Rb8 21. Nd4 1-0

[Event "Titled Tuesday intern op 09th Mar"]
[Site "Chess.com INT"]
[Date "2021.03.09"]
[Round "2"]
[White "Vajda, Levente"]
[Black "Demidov, Mikhail"]
[Result "1/2-1/2"]
[WhiteElo "2534"]
[BlackElo "2523"]
[PlyCount "125"]
[EventDate "2021.03.09"]
[EventType "swiss (blitz)"]
[EventRounds "11"]
[EventCountry "USA"]
[SourceTitle "CBM 201 Extra"]
[Source "ChessBase"]
[SourceDate "2021.05.31"]
[SourceVersion "1"]
[SourceVersionDate "2021.05.31"]
[SourceQuality "1"]

1. e4 Nf6 2. e5 Nd5 3. d4 d6 4. exd6 exd6 5. c4 Nf6 6. Nc3 g6 7. Nf3 Bg7 8. Be2 0-0 9. 0-0 Re8 10. h3 Nc6 11. d5 Ne7 12. Bf4 Bd7 13. Qd2 Nf5 14. Rfe1 a6 15. Bf1 h5 16. Bg5 Rxe1 17. Rxe1 Qf8 18. Bd3 Re8 19. b3 Nh7 20. Bf4 Rxe1+ 21. Qxe1 Qe7 22. Qxe7 Nxe7 23. Ne2 Nf8 24. Kf1 f6 25. h4 Kf7 26. g3 Ng8 27. Ke1 Bh6 28. Kd2 Bxf4+ 29. Nxf4 Ne7 30. b4 Bf5 31. Bxf5 Nxf5 32. Kd3 Nh6 33. Nd4 Ng4 34. f3 Ne5+ 35. Kc3 Ke7 36. a4 Kd7 37. b5 a5 38. Nfe2 Ke7 39. f4 Ned7 40. Nb3 b6 41. Ned4 f5 42. Nc6+ Ke8 43. Ncd4 Nf6 44. Nd2 Kd7 45. Kd3 Ng4 46. Ke2 Kc8 47. N2f3 Nf6 48. Ng5 Kd7 49. Kf3 Ke7 50. Ke3 Ng4+ 51. Ke2 Nf6 52. Ke3 Ne8 53. Nc6+ Kf6 54. Nd4 Nd7 55. Nde6 Ke7 56. Kd3 Ndf6 57. Ke3 Ng4+ 58. Ke2 Nh6 59. Ke3 Ng8 60. Ke2 Ngf6 61. Ke3 Nd7 62. Kd3 Ndf6 63. Ke3 1/2-1/2